Guerre de Corée - Statistiques

Statistiques générales
  • Ce quiz a été pris 65 fois
  • Le résultat moyen est 5 sur 6
Statistiques - réponses
Par images Réponse % Correct
Chine
100%
Etats Unis
100%
Corée du Nord
96%
Union Soviétique
96%
Corée du Sud
91%
Nations Unis
11%
Aucun quiz correspondant
Distribution des résultats
% des personnes avec chaque résultat
Percentile par nombre de réponses
Votre historique - résultats
Vous n’avez pas pris ce quiz